MARC

LEADER 00000nam0a2200000 4500
001 272491
005 20231101234535.0
035 |a (RuTPU)RU\TPU\book\295698 
090 |a 272491 
100 |a 20141018d1987 k y0rusy50 ca 
101 0 |a rus 
102 |a UA 
105 |a y z 001zy 
200 1 |a Превращенные формы социальной рациональности (критика буржуазных философских концепций)  |f А. Н. Ермоленко, К. Ю. Райда  |g Академия наук Украинской ССР (АН УССР), Институт философии 
210 |a Киев  |c Наукова думка  |d 1987 
215 |a 164 с. 
320 |a Библиогр.: с. 153-162 
606 1 |a Социальное прогнозирование  |x Буржуазные теории  |2 stltpush  |3 (RuTPU)RU\TPU\subj\37880  |9 58651 
610 1 |a буржуазные концепции 
610 1 |a философские концепции 
610 1 |a рациональность 
610 1 |a противоречия 
610 1 |a социальная философия 
610 1 |a иррационализм 
686 |a С5в,08  |v LBC/SL-A  |2 rubbk 
700 1 |a Ермоленко  |b А. Н.  |g Анатолий Николаевич 
701 1 |a Райда  |b К. Ю.  |g Константин Юрьевич 
712 0 2 |a Академия наук Украинской ССР (АН УССР)  |b Институт философии  |2 stltpush  |3 (RuTPU)RU\TPU\col\12865 
801 1 |a RU  |b 63413507  |c 20141018 
801 2 |a RU  |b 63413507  |c 20181222  |g RCR 
942 |c BK